000 00648cam a2200253 4500
008 090401t1991 xxu||||| |||| 00| 0 eng d
020 _a0851254950
035 _a(Sirsi) u29025
041 _aeng
050 _a690
110 _aBuilding Research Establishment
245 _aTesting bond strength of masonry.
260 _aGarston, Watford
_bBuilding Research Eatablishment
_c1991
300 _a8p. : ill. ; 30cm.
350 _a0
490 _aBRE Digest
_v360
650 _aBOND WRENCH
650 _aBRENCH
650 _aMORTAR
650 _aTESTING EQUIPMENT
690 _aBUILT ENVIRONMENT
942 _n0
948 _c04/03/1997
999 _c89378
_d89378